00322nam a2200121Ia 4500008004100000020001500041041001200056100001500068245005400083260004000137300000800177650001500185221030s9999 xx 000 0 und d a1259005008 aEnglish aS. S. Saha 0aIndian Financial Systems & Marketscby S. S. Saha bMcGraw - Hill Pub.aNew Delhic2013 a559 aManagement